| 000 | 00571nam a2200181 a 4500 | ||
|---|---|---|---|
| 001 | 000018592 | ||
| 005 | 20200929165828.0 | ||
| 008 | 751202s1987 cu a 000 f spa d | ||
| 040 |
_aDO-SdBNP _bspa _dBNPHU |
||
| 082 |
_aCu863.44 _bC297g |
||
| 100 | 1 |
_aCarpentier, Alejo, _d1904-1980. _98634 |
|
| 245 | 1 | 0 |
_aGuerra del tiempo y otros relatos del tiempo / _cAlejo Carpier. |
| 260 |
_aLa Habana, Cuba : _bLetras Cubanas, _c1987. |
||
| 300 |
_a213 p. : _bil. ; _c18 cm. |
||
| 490 | 1 | _aGiraldilla | |
| 650 | 4 |
_aNovela cubana _92316 |
|
| 650 | 4 |
_aLiteratura cubana _ySIGLO XX _99186 |
|
| 999 |
_c18112 _d18112 |
||